000 00534nam a2200181Ia 4500
005 20250508161951.0
008 008 250505s9999 xx 000 0 eng d
037 _aTextual
040 _aFEDL
_beng
_cFEDL
041 _aeng
_2eng
084 _a954.02, HOL
_qFEDL
100 _aHolden Edward S
245 0 _aMogul emperors of Hindustan, A. D.1398-A. D. 1707
260 _aDelhi, India
_bMetropolitain Book Company Pvt. Ltd.
_c1975
300 _axvi,365p
942 _cTEXL
_h954.02, HOL
999 _c1373549
_d1373549